export_success — 

Beyond Certification.

Bibliographic Details
Main Author: Poynton, Scott.
Format: eBook
Language:English
Published: Milton : Taylor & Francis Group, 2015.
Edition:1st ed.
Subjects:
Online Access:Click to View
LEADER 01362nam a22003493i 4500
001 EBC7244710
003 MiAaPQ
005 20231204023228.0
006 m o d |
007 cr cnu||||||||
008 231204s2015 xx o ||||0 eng d
020 |a 9781351274111  |q (electronic bk.) 
020 |z 9781910174531 
035 |a (MiAaPQ)EBC7244710 
035 |a (Au-PeEL)EBL7244710 
035 |a (OCoLC)1135848297 
040 |a MiAaPQ  |b eng  |e rda  |e pn  |c MiAaPQ  |d MiAaPQ 
100 1 |a Poynton, Scott. 
245 1 0 |a Beyond Certification. 
250 |a 1st ed. 
264 1 |a Milton :  |b Taylor & Francis Group,  |c 2015. 
264 4 |c Ã2015. 
300 |a 1 online resource (86 pages) 
336 |a text  |b txt  |2 rdacontent 
337 |a computer  |b c  |2 rdamedia 
338 |a online resource  |b cr  |2 rdacarrier 
588 |a Description based on publisher supplied metadata and other sources. 
590 |a Electronic reproduction. Ann Arbor, Michigan : ProQuest Ebook Central, 2023. Available via World Wide Web. Access may be limited to ProQuest Ebook Central affiliated libraries.  
655 4 |a Electronic books. 
776 0 8 |i Print version:  |a Poynton, Scott  |t Beyond Certification  |d Milton : Taylor & Francis Group,c2015  |z 9781910174531 
797 2 |a ProQuest (Firm) 
856 4 0 |u https://ebookcentral.proquest.com/lib/matrademy/detail.action?docID=7244710  |z Click to View